|
|
|
|
| LEADER |
01817cas a2200241 a 4500 |
| 001 |
AALejournalIMF019626 |
| 008 |
230101c9999 xx r poo 0 0eng d |
| 020 |
|
|
|c 5.00 USD
|
| 020 |
|
|
|z 9781498331890
|
| 022 |
|
|
|a 2663-3493
|
| 040 |
|
|
|a BD-DhAAL
|c BD-DhAAL
|
| 110 |
2 |
|
|a International Monetary Fund.
|
| 245 |
1 |
0 |
|a IMF/Netherlands Program :
|b Legal and Judicial Report in Indonesia 2000-2004.
|
| 264 |
|
1 |
|a Washington, D.C. :
|b International Monetary Fund,
|c 2005.
|
| 300 |
|
|
|a 1 online resource (66 pages)
|
| 490 |
1 |
|
|a Policy Papers
|
| 500 |
|
|
|a <strong>Off-Campus Access:</strong> No User ID or Password Required
|
| 500 |
|
|
|a <strong>On-Campus Access:</strong> No User ID or Password Required
|
| 506 |
|
|
|a Electronic access restricted to authorized BRAC University faculty, staff and students
|
| 520 |
3 |
|
|a The evaluation of the IMF/Netherlands Program for legal and judicial reform in Indonesia was undertaken during July 2004 in Jakarta by a team of three persons appointed by the Government of Indonesia, the Government of the Netherlands, and the IMF. All three are well acquainted with Indonesia and its legal institutions. Together they interviewed over sixty-six persons from twenty-nine institutions and organizations, including IMF and World Bank personnel, judicial personnel, other government officials, private contractors, non-governmental organizations in any way connected with the Program, and foreign donor organizations engaged in relevant programs. The members of the evaluation team and the list of those whom they interviewed can be found in appendixes one and two.
|
| 538 |
|
|
|a Mode of access: Internet
|
| 830 |
|
0 |
|a Policy Papers; Policy Paper ;
|v No. 2005/014
|
| 856 |
4 |
0 |
|z Full text available on IMF
|u http://elibrary.imf.org/view/journals/007/2005/014/007.2005.issue-014-en.xml
|z IMF e-Library
|